000 00356nam a2200157Ia 4500
008 210210b1936 xxu||||| |||| 00| 0 eng d
041 _aeng
082 _a335/21
100 _aAPTE (N G)
245 _aRural reconstruction
260 _aPoona
_b-
_c1936
650 _aRural
650 _areconstruction
690 _aIndian Economics
906 _a004364
999 _c124749
_d124749